[Event "GP"]
[Site "Izmir TUR"]
[Date "2002.08.30"]
[Round "3"]
[White "Bojkov,D"]
[Black "Gokpinar,E"]
[Result "1-0"]
[WhiteElo "2448"]
[BlackElo "2109"]

1.Nf3 d5 2.g3 g6 3.Bg2 Bg7 4.O-O e5 5.d3 Ne7 6.Nbd2 O-O 7.e4 c6 8.Re1 Nd7
9.b3 Re8 10.Bb2 Qc7 11.d4 dxe4 12.Nxe4 f5 13.Neg5 e4 14.Ne6 Qd6 15.Nxg7 Kxg7
16.d5+ Nf6 17.dxc6 Qxd1 18.Raxd1 Nxc6 19.Ng5 h6 20.Rd6 Ne5 21.f4 hxg5 22.Bxe5 Rxe5
23.fxe5 Ng4 24.e6 Kf6 25.e7+ Kxe7 26.Rxg6 Be6 27.Rxg5 Rd8 28.Rxg4 fxg4 29.Bxe4 Kf6
30.Bxb7 Rd2 31.Rf1+ Ke5 32.Rf2 Rd1+ 33.Rf1 Rd2 34.Re1+ Kd6 35.Be4 Ke5 36.Bd3+ Kf6
37.Re2 Rd1+ 38.Kf2 Bd5 39.Be4 Be6 40.c4 Bf7 41.c5 Rc1 42.c6 Rc3 43.Rc2  1-0

[Event "Open"]
[Site "Rostock GER"]
[Date "2002.08.30"]
[Round "4"]
[White "Prosch,C"]
[Black "Jeske,E"]
[Result "1-0"]
[WhiteElo "2204"]
[BlackElo "2185"]

1.Nf3 d5 2.g3 g6 3.Bg2 Bg7 4.d4 Nf6 5.O-O O-O 6.c4 c6 7.cxd5 Nxd5 8.e4 Nb6
9.h3 Be6 10.Na3 Nc4 11.Nc2 Nb6 12.b3 h6 13.Bb2 a5 14.Ne3 a4 15.Qc2 axb3 16.axb3 Rxa1
17.Rxa1 Na6 18.Ne5 Nc8 19.Nxc6 Qb6 20.d5 Bxb2 21.Qxb2 bxc6 22.dxe6 fxe6 23.Nc4 Qb5
24.Ne5 Nc5 25.Nxg6 Rf6 26.Nxe7+  1-0

[Event "Hot Summer IM"]
[Site "Tel Aviv ISR"]
[Date "2002.08.31"]
[Round "10"]
[White "Neiman,E"]
[Black "Drozdov,Alexandre"]
[Result "0-1"]
[WhiteElo "2292"]
[BlackElo "2347"]

1.Nf3 d5 2.g3 c6 3.Bg2 Qc7 4.O-O e5 5.d3 Bg4 6.e4 dxe4 7.dxe4 Nd7 8.h3 Bh5
9.c3 Ngf6 10.Nbd2 Be7 11.Qc2 Rd8 12.b4 a5 13.a3 c5 14.bxa5 c4 15.Qa4 O-O
16.Qxc4 Qxa5 17.Rb1 Rc8 18.Qb5 Qxc3 19.Bb2 Qc5 20.Bxe5 Nxe5 21.Nxe5 Qxb5
22.Rxb5 Be2 23.Rxb7 Bxf1 24.Bxf1 Bd6 25.Nec4 Rfd8 26.a4 Bc7 27.e5 Nd7 28.a5 Bxe5
29.a6 Bd4 30.Nb3 Bc5 31.a7 Ra8 32.Rxd7 Rxd7 33.Nxc5 Rdxa7 34.Nd3 f6 35.h4 Rd8
36.Nf4 Ra4 37.h5 Rd4 38.Ne3 Ra5 39.Bc4+ Kh8 40.Be2 Ra2 41.Bc4 Ra4 42.Be2 Kg8
43.Kg2 Kf7 44.Nf5 Rd2 45.Bf3 g6 46.hxg6+ hxg6 47.Ne3 f5 48.Nh3 Kf6 49.g4 f4
50.g5+ Ke6 51.Ng4 Rd3 52.Nf6 Ke5 53.Ng4+ Kf5 54.Nh6+ Ke6 55.Ng4 Rc3 56.Nh2 Ke5
57.Ng4+ Kf5 58.Nh6+ Ke6 59.Ng4 Raa3 60.Nh2 Ke5 61.Ng4+ Kf5 62.Nh6+ Ke5 63.Ng4+ Ke6
64.Nh2 Kf5 65.Bg4+ Ke4 66.Nf3 Rxf3 67.Bd7 Rfc3 68.f3+ Ke3 69.Ng1 Ra1  0-1

[Event "ch-Arab"]
[Site "Casablanca MAR"]
[Date "2002.09.01"]
[Round "6"]
[White "Mansour,S"]
[Black "Saleh,Nab"]
[Result "0-1"]
[WhiteElo "2248"]
[BlackElo "2234"]

1.Nf3 d5 2.g3 Nf6 3.Bg2 c6 4.O-O Bg4 5.d3 Nbd7 6.Nbd2 e5 7.e4 dxe4 8.dxe4 Bc5
9.c3 a5 10.a4 O-O 11.Qc2 Re8 12.Nc4 Qc7 13.h3 Be6 14.Qe2 h6 15.Nh4 Bf8 16.f4 exf4
17.gxf4 Nxe4 18.Bxe4 Bd5 19.Ne5 Nxe5 20.Bxd5 Ng6 21.Be4 Nxh4 22.Bd2 Nf5 23.Qg2 Rxe4
24.Qxe4 Ng3 25.Qe3 Nxf1 26.Rxf1 Rd8 27.Be1 Qd7 28.Bf2 Qf5 29.Qf3 Rd2 30.Re1 Bc5
31.Re5 Qb1+  0-1

[Event "IM"]
[Site "Kostrena CRO"]
[Date "2002.09.01"]
[Round "3"]
[White "Doric,N"]
[Black "Jovanic,O"]
[Result "1/2-1/2"]
[WhiteElo "2408"]
[BlackElo "2420"]

1.Nf3 d5 2.g3 Nf6 3.Bg2 e6 4.c4 c5 5.O-O Nc6 6.cxd5 exd5 7.d4 Be7 8.Nc3 O-O
9.dxc5 Bxc5 10.Bg5 d4 11.Bxf6 Qxf6 12.Ne4 Qe7 13.Nxc5 Qxc5 14.Rc1 Qb6  1/2-1/2

[Event "ch-RUS"]
[Site "Krasnodar RUS"]
[Date "2002.09.01"]
[Round "6"]
[White "Rustemov,A"]
[Black "Korotylev,A"]
[Result "1/2-1/2"]
[WhiteElo "2589"]
[BlackElo "2558"]

1.Nf3 d5 2.g3 Nf6 3.Bg2 c6 4.O-O Bg4 5.b3 Nbd7 6.Bb2 e6 7.d3 Be7 8.c4 O-O
9.Nbd2 a6 10.a3 Qb8 11.Qc2 e5 12.h3 Bh5 13.Rfe1 Re8 14.Nh4 d4 15.e3 dxe3
16.Rxe3 Bc5 17.Ree1 Qd6 18.g4 Bg6 19.Nxg6 hxg6 20.Nf3 Bd4 21.Rad1 Bxb2 22.Qxb2 c5
23.Re3 Re7 24.Rde1 Rae8 25.Qe2 b6 26.Ng5  1/2-1/2

[Event "ch-RUS"]
[Site "Krasnodar RUS"]
[Date "2002.09.01"]
[Round "6"]
[White "Loginov,Va"]
[Black "Malinin,Y"]
[Result "1-0"]
[WhiteElo "2526"]
[BlackElo "2412"]

1.Nf3 d5 2.g3 c6 3.Bg2 Bg4 4.c4 e6 5.O-O Nd7 6.cxd5 exd5 7.d3 Bd6 8.Nc3 Ne7
9.Qc2 O-O 10.e4 Ne5 11.Nxe5 Bxe5 12.h3 Be6 13.Ne2 f6 14.Be3 b6 15.f4 Bd6
16.Nd4 Bf7 17.Nxc6 Nxc6 18.Qxc6 Rc8 19.Qa4 dxe4 20.dxe4 Qe7 21.Rac1 Bc5 22.Bxc5 Rxc5
23.Rxc5 Qxc5+ 24.Kh2 b5 25.Qa5 h5 26.h4 Qd4 27.Qxb5 Rc8 28.Qe2 Bc4 29.Qf2 Qxf2
30.Rxf2 Bxa2 31.Rd2 Rb8 32.Bf3 Bf7 33.Kg2 a5 34.Kf2 Rb4 35.f5 Kf8 36.Ke3 Ke7
37.Bd1 a4 38.Rd4 Rxb2 39.Rxa4 g6 40.Ra7+ Kf8 41.Ra5 Rb4 42.fxg6 Bxg6 43.Bxh5 Bxe4
44.Ra7 Bd5 45.Bd1 Re4+ 46.Kd3 Re1 47.Kd2 Re7 48.Ra5 Bf7 49.Bc2 Kg7 50.Ra4 Kh6
51.Rf4 Kg7 52.Be4 Re5 53.Bd3 Be6 54.Ra4 Bf7 55.Ra7 Kf8 56.Rb7 Re7 57.Rb4 Kg7
58.Rg4+ Kh6 59.Rf4 Kg7 60.Be4 Re5 61.Bc2 Re7 62.Rb4 Bh5 63.Bd3 Bf7 64.Rb5 Be8
65.Ra5 Kh6 66.Be2 Kg7 67.Ke1 Bf7 68.Kf2 Bg6 69.Ra4 Kh6 70.Bf3 Bf7 71.Rb4 Bg6
72.g4 Kg7 73.Kg3 Bf7 74.Kf4 Be8 75.Be4 Bf7 76.Rb6 Be8 77.h5 Bf7 78.h6+ Kxh6
79.g5+ Kh5 80.Rxf6 Kh4 81.Bf3  1-0

[Event "ch-RUS"]
[Site "Krasnodar RUS"]
[Date "2002.09.03"]
[Round "8"]
[White "Loginov,Va"]
[Black "Namgilov,S"]
[Result "1/2-1/2"]
[WhiteElo "2526"]
[BlackElo "2477"]

1.Nf3 d5 2.g3 c6 3.Bg2 Bg4 4.c4 e6 5.O-O Nd7 6.cxd5 exd5 7.d3 Ngf6 8.Nc3 Be7
9.Qc2 O-O 10.e4 Nc5 11.Ne5 dxe4 12.Nxg4 Nxg4 13.dxe4 Qd3 14.Qd1 Qxd1 15.Rxd1 Rfd8
16.h3 Rxd1+ 17.Nxd1 Rd8 18.Bf4 Nf6 19.Nc3 Nd3 20.Be3 Bc5 21.Bxc5 Nxc5 22.e5 Ne8
23.b4 Ne6 24.Rc1 Nd4 25.Kf1 f6 26.exf6 Nxf6 27.Rd1 Kf7 28.b5 Ke7 29.bxc6 bxc6
30.Na4 Nc2 31.Rb1 Kd6 32.Nb2 Na3 33.Rc1 Nd5 34.Nd3 Rb8 35.Be4 h6 36.Nc5 Rb2
37.Nb3 Ke5 38.Bg6 Ne7 39.Bd3 Kd6 40.Na5 Rxa2 41.Be4 Nb5 42.Nxc6 Nxc6 43.Rxc6+ Ke7
44.Bd3 Nd4  1/2-1/2

[Event "II Open"]
[Site "Poio ESP"]
[Date "2002.09.06"]
[Round "7"]
[White "Rodriguez Lopez,R"]
[Black "Cebrian Ramos,J"]
[Result "1-0"]
[WhiteElo "2273"]
[BlackElo "2066"]

1.Nf3 d5 2.g3 Nf6 3.Bg2 e6 4.O-O c5 5.d4 Nc6 6.c4 dxc4 7.Qa4 Bd7 8.Qxc4 cxd4
9.Nxd4 Rc8 10.Rd1 Qb6 11.Nxc6 Bxc6 12.Be3 Qa5 13.Nc3 Be7 14.Bxc6+ Rxc6 15.Qb5 Qxb5
16.Nxb5 a6 17.Nd4 Rc8 18.Rac1 O-O 19.Nb3 Nd5 20.Bc5 Bxc5 21.Rxc5 Rxc5 22.Nxc5 Rc8
23.Nxb7 Kf8 24.Rd2 Ke7 25.e4 Rc7 26.exd5 Rxb7 27.dxe6 Kxe6 28.Kf1 h5 29.h4 f6
30.b3 g5 31.Rd4 Rc7 32.Ra4 Rc6 33.Kg2 g4 34.Ra5 f5 35.Kf1 Kf6 36.b4 f4 37.gxf4 Rc4
38.Rxa6+ Kf5 39.b5 Kxf4 40.Ra3 Rc2 41.b6 g3 42.fxg3+ Kg4 43.b7  1-0

[Event "TCh-CRO"]
[Site "Medulin CRO"]
[Date "2002.09.12"]
[Round "4"]
[White "Dizdar,G"]
[Black "Bukal,V"]
[Result "1/2-1/2"]
[WhiteElo "2525"]
[BlackElo "2425"]

1.Nf3 d5 2.g3 Nf6 3.Bg2 c6 4.O-O Bg4 5.d3 Nbd7 6.c4 e6 7.cxd5 exd5 8.Nc3 Bc5
9.Qb3 Nb6 10.Qc2 O-O 11.e4 dxe4 12.dxe4 Re8 13.h3 Bh5 14.Bf4 Nfd7 15.g4 Bg6
16.Bg3 h5 17.Nh4 hxg4 18.Nxg6 Qg5 19.b4 Bd4 20.Nf4 gxh3 21.Nxh3 Qxg3 22.Ne2 Qe5
23.Rad1 c5 24.Nxd4 cxd4 25.f4 Qh5 26.Rxd4 Nf6 27.e5 Ng4 28.Qd1 g6 29.Rf3 Nh6
30.Ng5 Nf5 31.Rh3 Qxd1+ 32.Rxd1 Rad8 33.Rhd3 Rxd3 34.Rxd3 Rc8 35.Bxb7 Rc4
36.Be4 Rxb4 37.a3 Rc4 38.Bxf5 gxf5 39.Kh2 Rxf4 40.Rd8+ Kg7 41.e6 Rh4+ 42.Kg3 Rg4+
43.Kf3 fxe6 44.Nxe6+ Kf6 45.Nf4 Nc4 46.Rf8+ Ke5 47.Nd3+ Kd4 48.Rxf5 Re4 49.Nb4 Re3+  1/2-1/2

[Event "Autumn I"]
[Site "Alushta UKR"]
[Date "2002.09.15"]
[Round "1"]
[White "Obukhov,A"]
[Black "Yagupov,I"]
[Result "0-1"]
[WhiteElo "2444"]
[BlackElo "2460"]

1.Nf3 d5 2.g3 Bg4 3.Bg2 Nd7 4.c4 e6 5.cxd5 exd5 6.O-O c6 7.d3 Bd6 8.h3 Bh5
9.Nc3 Ne7 10.g4 Bg6 11.e4 dxe4 12.dxe4 Qc7 13.Be3 Bf4 14.Rc1 Bxe3 15.Nb5 Qb6
16.Nd6+ Kf8 17.fxe3 Rd8 18.Rc3 Qc7 19.Nb5 Qb6 20.Rd3 Nd5 21.Nbd4 Nc5 22.Ne5 Nxd3
23.Nxg6+ hxg6 24.exd5 Ne5 25.Ne6+ Ke7 26.Nxd8 Qxe3+ 27.Kh1 Rxd8 28.Re1 Qg3
29.Qe2 f6 30.dxc6 bxc6 31.Rc1 Rd3 32.Rxc6 Re3 33.Rc3 Qxh3+ 34.Bxh3 Rxe2 35.Kg1 a5
36.Rc7+ Kd6 37.Ra7 Rxb2 38.Rxa5 Rb4 39.Ra7 Nxg4 40.Rxg7 g5 41.a3 Rb3 42.Bxg4 Rg3+
43.Kf2 Rxg4 44.Ra7 Rc4 45.Ke3 f5 46.a4 g4 47.Kd3 Rb4 48.a5 Ke5 49.a6 Ra4
50.Ra8 Kf4 51.a7 Ra2  0-1

[Event "Autumn I"]
[Site "Alushta UKR"]
[Date "2002.09.16"]
[Round "2"]
[White "Obukhov,A"]
[Black "Erenburg,S"]
[Result "1/2-1/2"]
[WhiteElo "2444"]
[BlackElo "2475"]

1.Nf3 d5 2.g3 c6 3.Bg2 Bg4 4.c4 e6 5.O-O Nd7 6.cxd5 exd5 7.d3 Ngf6 8.Nc3 Be7
9.h3 Bxf3 10.Bxf3 d4 11.Ne4 Nxe4 12.dxe4 Qb6 13.Bg2 Rd8 14.f4 O-O 15.Kh1 Rfe8
16.b3 Bb4 17.Qc2 Qc5 18.Qd3 Qc3 19.Qxc3 Bxc3 20.Rb1 Nc5 21.e5 a5 22.Bf3 d3
23.exd3 Rxd3 24.Ba3 Ne6 25.Rbd1 Red8 26.Bd6 Rxd1 27.Rxd1 Bb4 28.a3 Bxd6 29.exd6 g6
30.b4 axb4 31.axb4 Ng7 32.d7 Ne6 33.b5 cxb5 34.Bxb7 Kf8 35.Bc8  1/2-1/2

[Event "ECC"]
[Site "Halkidiki GRE"]
[Date "2002.09.24"]
[Round "3"]
[White "Bogdanovski,V"]
[Black "Horvath,Cs"]
[Result "1/2-1/2"]
[WhiteElo "2483"]
[BlackElo "2517"]

1.Nf3 d5 2.g3 g6 3.Bg2 Bg7 4.O-O Nf6 5.d3 O-O 6.c3 b6 7.Qa4 Bb7 8.Qh4 Nbd7
9.Bg5 Re8 10.Nbd2 e5 11.e4 dxe4 12.Nxe4 h6 13.Nxf6+ Bxf6 14.Bxf6 Qxf6 15.Qxf6 Nxf6
16.Rfe1 Bxf3 17.Bxf3 Rad8 18.Re3 Nd5 19.Re2 Nf6 20.Re3 Nd5 21.Bxd5 Rxd5 22.Rae1 Red8
23.Rxe5 Rxd3 24.Re8+ Kg7 25.Rxd8 Rxd8 26.Re7 Rc8 27.Kf1  1/2-1/2

[Event "Autumn I"]
[Site "Alushta UKR"]
[Date "2002.09.25"]
[Round "15"]
[White "Belikov,V"]
[Black "Erenburg,S"]
[Result "1/2-1/2"]
[WhiteElo "2487"]
[BlackElo "2475"]

1.Nf3 d5 2.g3 c6 3.Bg2 Bg4 4.O-O e6 5.d4 Nd7 6.Nbd2 Ngf6 7.Re1 Be7 8.e4 dxe4
9.Nxe4 Nxe4 10.Rxe4 Nf6 11.Re1 O-O 12.c3 h6 13.Qb3 Bxf3 14.Bxf3 Rb8 15.h4 Qc7
16.Bd2 Rfd8 17.Rad1 Rd7 18.Qc2 a5 19.Kg2 Rbd8 20.a3 Bf8 21.Bf4 Bd6 22.Bc1 Bf8
23.h5 Nd5 24.Be4 Nf6 25.Bf3 Nd5 26.Rd2 Be7 27.Rde2 Bf8 28.Rh1 b5 29.Ree1 b4
30.axb4  1/2-1/2

[Event "ECC"]
[Site "Halkidiki GRE"]
[Date "2002.09.26"]
[Round "5"]
[White "Hickl,J"]
[Black "Suba,M"]
[Result "0-1"]
[WhiteElo "2602"]
[BlackElo "2507"]

1.g3 d5 2.Nf3 Bg4 3.Bg2 Nd7 4.O-O e6 5.d3 c6 6.Nbd2 Ngf6 7.b3 a5 8.a3 Be7
9.Bb2 O-O 10.c4 Qb8 11.Qc2 Rd8 12.Rfe1 Bh5 13.Rac1 Qa7 14.Qb1 h6 15.Qa1 Bg6
16.cxd5 exd5 17.Bh3 Bh7 18.Rf1 Bf8 19.Ne5 Nxe5 20.Bxe5 Ne8 21.Nf3 c5 22.d4 a4
23.dxc5 axb3 24.Qc3 Qxa3 25.Ra1 Qxc5 26.Qxb3 b5 27.Nd4 Rxa1 28.Rxa1 Bd6 29.Qe3 Bxe5
30.Qxe5 Nf6 31.Bf5 Bxf5 32.Nxf5 Qxf2+ 33.Kxf2 Ng4+ 34.Ke1 Nxe5 35.Rb1 Rb8
36.Ne7+ Kh7 37.Nxd5 Nc6 38.Kd2 Kg6 39.Rc1 Ne5 40.Rc5 f6 41.Rc7 Rd8 42.e4 Rd7
43.Rc5 Kg5 44.h3 Rb7 45.Kc3 h5 46.Nc7 b4+ 47.Kb3 Kh6 48.Ne6 Ra7 49.Rc8 Ra3+
50.Kxb4 Rxg3 51.Rh8+ Kg6 52.Kc5 Kf7 53.Nf4 Ng6  0-1

[Event "Autumn III"]
[Site "Alushta UKR"]
[Date "2002.09.28"]
[Round "2"]
[White "Obukhov,A"]
[Black "Kayumov,S"]
[Result "1-0"]
[WhiteElo "2444"]
[BlackElo "2267"]

1.Nf3 d5 2.g3 Bg4 3.Bg2 Nd7 4.c4 e6 5.cxd5 exd5 6.O-O c6 7.d3 Ngf6 8.Nc3 Bxf3
9.Bxf3 d4 10.Ne4 Nxe4 11.dxe4 Bc5 12.b3 Ne5 13.Bg2 Qe7 14.h3 Rd8 15.Kh1 h5
16.f4 Ng4 17.hxg4 hxg4+ 18.Kg1 d3+ 19.e3 d2 20.Bxd2 Bxe3+ 21.Bxe3 Rxd1 22.Raxd1 O-O
23.Rf2 Rd8 24.Rfd2 Rxd2 25.Rxd2 a5 26.Kh2 a4 27.bxa4 Qa3 28.Bg1 Qxa4 29.e5 Qa5
30.Rb2 f6 31.Bd4 c5 32.Bf2 fxe5 33.fxe5 c4 34.Bd4 c3 35.Re2 Qa6 36.Bd5+ Kh8
37.Rf2 Qd3 38.Kh1 Qxd4 39.Rh2+  1-0

[Event "ECC"]
[Site "Halkidiki GRE"]
[Date "2002.09.28"]
[Round "7"]
[White "Georgiev,Ki"]
[Black "Borovikov,V"]
[Result "1/2-1/2"]
[WhiteElo "2654"]
[BlackElo "2570"]

1.Nf3 d5 2.g3 Bg4 3.Bg2 Nd7 4.c4 e6 5.cxd5 exd5 6.O-O c6 7.d3 Bc5 8.Nc3 Ngf6
9.h3 Bxf3 10.Bxf3 O-O 11.Qc2 Re8 12.Bg2 Nf8 13.e3 Ne6 14.Ne2 Qe7 15.a3 a5
16.b3 h5 17.Bb2 Bb6 18.b4 axb4 19.axb4 d4 20.exd4 Qxb4 21.Bc3 Qd6 22.Qb2 Nd5
23.Bd2 h4 24.Kh1 Rxa1 25.Qxa1  1/2-1/2

[Event "ECC"]
[Site "Halkidiki GRE"]
[Date "2002.09.28"]
[Round "7"]
[White "Stryjecki,M"]
[Black "Chuchelov,V"]
[Result "1/2-1/2"]
[WhiteElo "2424"]
[BlackElo "2591"]

1.g3 d5 2.Nf3 Nf6 3.Bg2 c6 4.O-O Bg4 5.d3 e6 6.c4 Nbd7 7.cxd5 cxd5 8.h3 Bxf3
9.Bxf3 Ne5 10.Bg2 Be7 11.b3 O-O 12.Bb2 Nc6 13.Nc3 Rc8 14.a3 Nd7 15.e4 d4
16.Ne2 Qb6 17.Rb1 a5 18.Kh1 Rfd8 19.f4 Nc5 20.b4 axb4 21.axb4 Na6 22.b5 Qxb5
23.Nxd4 Nxd4 24.Bxd4 Nb4 25.Ba1 Rxd3 26.Qg4 Bf8 27.f5 exf5 28.exf5 Rc4 29.Qe2 Rxg3
30.f6 g6 31.Rbd1 Nc6 32.Rd7 Qb3 33.Qe6 Rc2 34.Qxb3 Rxb3 35.Rxf7 Rxh3+ 36.Bxh3 Kxf7
37.Re1 Bb4 38.Be6+ Kf8 39.Rd1 Bd2 40.Bb3 Rc1 41.Rxc1 Bxc1 42.Bd5 Bf4 43.Kg2 Bd6
44.Kh3 Nd8 45.Bd4 b5 46.Kh4 b4 47.Bb6 Nf7 48.Bb3 Ne5 49.Kg5 Nd7 50.Be3 Ne5
51.Bb6 Nf7+ 52.Kh4 Ne5 53.Kg5 Nf3+ 54.Kh6 g5 55.Be6 Nd2 56.Kxg5 b3 57.Kh6 b2
58.Ba2 b1=Q 59.Bxb1 Nxb1 60.Kxh7 Kf7 61.Kh6 Kxf6 62.Kh5 Kf5 63.Kh4 Nc3 64.Kh3 Nd5
65.Ba7 Nf4+ 66.Kh2 Kg4 67.Kg1 Kf3 68.Kf1 Bb4 69.Bb8 Nd3 70.Ba7 Be1 71.Bb6 Bg3
72.Ba7 Nb4 73.Bb6 Nd5 74.Bd4 Bh4 75.Bf2 Bxf2  1/2-1/2

[Event "EuYCh G18"]
[Site "Peniscola ESP"]
[Date "2002.09.29"]
[Round "1"]
[White "Harbuz,D"]
[Black "Yakivchik,M"]
[Result "1/2-1/2"]
[WhiteElo "2077"]
[BlackElo "2257"]

1.Nf3 d5 2.g3 Nf6 3.Bg2 e6 4.d3 c5 5.Nbd2 Nc6 6.O-O Be7 7.e4 O-O 8.Re1 b6
9.e5 Nd7 10.c4 Qc7 11.Qe2 Bb7 12.Nf1 Rfe8 13.Bf4 Bf8 14.h4 Ne7 15.g4 a6 16.Bg3 b5
17.b3 Bc6 18.h5 h6 19.g5 hxg5 20.Nxg5 Nf5 21.cxd5 Nxg3 22.Nxg3 Bxd5 23.f4 Nb6
24.N5e4 c4 25.dxc4 bxc4 26.bxc4 Nxc4 27.h6 Qb6+ 28.Kh2 Qb2 29.hxg7 Bxg7 30.Qxb2 Nxb2
31.Nd6 Bxg2 32.Nxe8 Bc6 33.Nxg7 Kxg7 34.Ne2 Rd8 35.Rg1+ Kh6 36.Rgc1 Bf3 37.Rc2 Nd3
38.Rf1 Be4 39.Rd2 Kg6 40.Rg1+ Kh6 41.Nc3 Bg6 42.Rg3 Rd7 43.Nd1 Nxe5 44.Rxd7 Nxd7
45.Ra3 Nb8 46.Ne3 Kg7 47.Nc4 Kf6 48.Ne5 Be4 49.Kg3 Bd5 50.Ng4+ Ke7 51.Ne3 Bc6
52.Ng4 Bb5 53.Ne5 Nd7 54.Rc3 f6 55.Nxd7 Kxd7 56.Kf3 Kd6  1/2-1/2

[Event "6th Itau Cup"]
[Site "Sao Paulo BRA"]
[Date "2002.09.29"]
[Round "3"]
[White "Valiente,C"]
[Black "Leitao,R"]
[Result "0-1"]
[WhiteElo "2330"]
[BlackElo "2558"]

1.Nf3 d5 2.g3 c6 3.Bg2 Bg4 4.d3 Nd7 5.h3 Bxf3 6.Bxf3 Ngf6 7.Nd2 g6 8.O-O Bg7
9.e4 O-O 10.Qe2 e5 11.Bg2 Re8 12.exd5 cxd5 13.c4 Rc8 14.cxd5 Nb6 15.Nc4 Nbxd5
16.Bg5 b5 17.Ne3 Qd7 18.Bxf6 Nxf6 19.Rac1 h5 20.Rc2 h4 21.Rfc1 Rxc2 22.Rxc2 hxg3
23.fxg3 e4 24.Rd2 Qd6 25.dxe4 Qxg3 26.Nf1 Qe5 27.Nh2 Nxe4 28.Bxe4 Qxe4 29.Qxe4 Rxe4
30.Nf3 Bf6 31.Kf2 Kg7 32.b3 Be7 33.Rd7 a6 34.Rc7 Kf6 35.Rc6+ Re6 36.Rc8 Rd6
37.Rc2 Bd8 38.Kg3 Bb6 39.Re2 Re6 40.Rc2 Kf5 41.Rd2 Kf6 42.Kg2 g5 43.a4 bxa4
44.bxa4 Kg6 45.Rd5 f6 46.a5 Re2+ 47.Kh1 Bc7 48.h4 Rf2 49.Nxg5 fxg5 50.Rxg5+ Kh6
51.Rc5 Bd8 52.Kg1 Rf4  0-1

[Event "Autumn III"]
[Site "Alushta UKR"]
[Date "2002.09.30"]
[Round "5"]
[White "Belikov,V"]
[Black "Yagupov,I"]
[Result "1-0"]
[WhiteElo "2487"]
[BlackElo "2460"]

1.Nf3 d5 2.g3 Bg4 3.Bg2 Nd7 4.c4 e6 5.Qb3 Nc5 6.Qc2 c6 7.d3 a5 8.Ne5 Bh5
9.g4 f6 10.Nxc6 bxc6 11.gxh5 f5 12.Nd2 Nf6 13.Nf3 Nxh5 14.Be3 Qd6 15.cxd5 cxd5
16.Rc1 Nf4 17.Bxc5 Nxg2+ 18.Kf1 Qxc5 19.Qa4+  1-0

[Event "EuYCh B18"]
[Site "Peniscola ESP"]
[Date "2002.09.30"]
[Round "2"]
[White "Novikov,S"]
[Black "Smeets,J"]
[Result "0-1"]
[WhiteElo "2485"]
[BlackElo "2392"]

1.Nf3 d5 2.g3 c6 3.Bg2 Bg4 4.b3 Nd7 5.Bb2 Ngf6 6.O-O e6 7.d3 Bd6 8.Nbd2 O-O
9.h3 Bh5 10.e4 e5 11.c4 dxe4 12.dxe4 a5 13.Qc2 Re8 14.a3 Qb6 15.Bc3 Nf8 16.b4 axb4
17.axb4 Rxa1 18.Rxa1 c5 19.b5 Qc7 20.Qb2 N6d7 21.Nf1 Ne6 22.Ne3 Nd4 23.g4 Bg6
24.Nh4 Qd8 25.Nhf5 Bf8 26.Ra7 Qb8 27.Ra2 Nb6 28.Ba5 Nd7 29.Nd5 h5 30.Bc7 Qc8
31.Ra7 Nf6 32.Nxf6+ gxf6 33.b6 Bxf5 34.exf5 e4 35.Qa2 Kh7 36.Qa1 Bh6 37.Kh1 e3
38.fxe3 Rxe3 39.g5 fxg5 40.Rxb7 g4 41.hxg4 Qe8 42.Kh2 Bg7 43.f6 Bxf6 44.Qf1 Be5+
45.Kh1 Bxc7 46.bxc7 Re1 47.Rb8 Rxf1+ 48.Bxf1 Qc6+ 49.Kg1 Qxc7  0-1

[Event "11th Monarch Assurance"]
[Site "Port Erin IOM"]
[Date "2002.09.30"]
[Round "3"]
[White "Kunte,A"]
[Black "Dougherty,M"]
[Result "1-0"]
[WhiteElo "2477"]
[BlackElo "2320"]

1.Nf3 d5 2.g3 c6 3.Bg2 Bg4 4.b3 Nd7 5.Bb2 Ngf6 6.O-O e6 7.d3 Be7 8.Nbd2 O-O
9.h3 Bh5 10.Qe1 Re8 11.e4 dxe4 12.dxe4 e5 13.Nc4 Bxf3 14.Bxf3 Bc5 15.a4 a5
16.Qe2 Qc7 17.Rfd1 Nf8 18.h4 N6d7 19.Bg4 Ne6 20.c3 Nf6 21.Bh3 h6 22.Bc1 b5
23.Nb2 b4 24.Nd3 Bb6 25.Bxe6 Rxe6 26.cxb4 Bd4 27.Bb2 axb4 28.Rac1 Rd8 29.Nc5 Red6
30.Bxd4 Rxd4 31.Rxd4 Rxd4 32.Rc4 Qd6 33.Rxd4 exd4 34.Qc4 Ng4 35.Nd3 Ne5 36.Qc5 Nf3+
37.Kg2 Qf6 38.Qf5 Qxf5 39.exf5 Nd2 40.a5  1-0

[Event "EuYCh G18"]
[Site "Peniscola ESP"]
[Date "2002.10.01"]
[Round "3"]
[White "Harbuz,D"]
[Black "Simon,Z"]
[Result "0-1"]
[WhiteElo "2077"]
[BlackElo "2122"]

1.Nf3 d5 2.g3 Nd7 3.Bg2 e5 4.d3 c6 5.Nbd2 Ngf6 6.O-O Bd6 7.c4 O-O 8.b3 Qc7
9.Bb2 Re8 10.Rc1 Qb8 11.cxd5 cxd5 12.e4 dxe4 13.dxe4 b6 14.Re1 Bb7 15.Nc4 Bb4
16.Re3 b5 17.Na3 a6 18.Nc2 Ba5 19.Ba3 Bb6 20.Re2 Qa7 21.Nd2 Nc5 22.Bxc5 Bxc5
23.b4 Bb6 24.Ne3 Rad8 25.Qe1 Rd3 26.Nd1 Bc8 27.Nb3 Bg4 28.Rd2 Rxd2 29.Nxd2 Bxd1
30.Rxd1 Ng4 31.Kf1 Bxf2  0-1

[Event "Autumn Cup"]
[Site "Bucharest ROM"]
[Date "2002.10.02"]
[Round "8"]
[White "Bogza,A"]
[Black "Raceanu,V"]
[Result "1/2-1/2"]
[WhiteElo "2270"]
[BlackElo "2339"]

1.Nf3 d5 2.g3 Bg4 3.Bg2 Nd7 4.c4 e6 5.b3 Ngf6 6.O-O Bd6 7.Bb2 O-O 8.d3 Qe7
9.h3 Bxf3 10.Bxf3 c6 11.Bg2 Rfd8 12.Nd2 Ba3 13.Qc2 e5 14.cxd5 cxd5 15.Bxa3 Qxa3
16.Rac1 Nb6 17.Nb1 Qe7 18.Qc7 Rd7  1/2-1/2

[Event "Eu Blitz Ch"]
[Site "Panormo GRE"]
[Date "2002.10.02"]
[Round "7"]
[White "Ruck,R"]
[Black "Nielsen,PH"]
[Result "1/2-1/2"]
[WhiteElo "2572"]
[BlackElo "2620"]

1.Nf3 d5 2.g3 Nf6 3.Bg2 c6 4.O-O g6 5.d4 Bg7 6.Nbd2 O-O 7.c4 Bf5 8.b3 Nbd7
9.Bb2 Ne4 10.Nxe4 Bxe4 11.e3 a5 12.Qe2 a4 13.Nd2 Bxg2 14.Kxg2 Qa5 15.Rfc1 Nf6
16.c5 Ne8 17.Bc3 Qa6 18.Qxa6 Rxa6 19.b4 Nc7 20.a3 Nb5 21.Bb2 Re8 22.Nb1 h5
23.Nc3 f5 24.Nxb5 cxb5 25.f4 Kf7 26.h4  1/2-1/2

[Event "Eu Blitz Ch"]
[Site "Panormo GRE"]
[Date "2002.10.02"]
[Round "10"]
[White "Miroshnichenko,E"]
[Black "Volkov,S"]
[Result "1-0"]
[WhiteElo "2548"]
[BlackElo "2642"]

1.Nf3 d5 2.g3 c6 3.Bg2 Bg4 4.O-O Nd7 5.d3 Ngf6 6.b3 e5 7.Bb2 Bd6 8.Nbd2 O-O
9.e4 d4 10.h3 Bh5 11.Qe1 Re8 12.Nh4 Bg6 13.f4 exf4 14.gxf4 Nh5 15.e5 Be7
16.Nxg6 hxg6 17.Ne4 Nc5 18.Nxc5 Bxc5 19.Qf2 Qd7 20.Rae1 Bb4 21.Re4 c5 22.Bc1 Rad8
23.Kh2 Ba5 24.Bf3 Bc7 25.Rg1 Kf8 26.Qg2 Qe6 27.Bg4 f5 28.exf6 Qxf6 29.Kh1 Nxf4
30.Rxf4 Bxf4 31.Bxf4 Kg8 32.Bc7 Ra8 33.Rf1 Qc6 34.Qxc6 bxc6 35.Bd7 Rf8 36.Rxf8+ Rxf8
37.Kg2 Kh7 38.Bg3 Rf6 39.a4 Rf7 40.Bxc6 Re7 41.Be4 Kh6 42.Bd6 Rd7 43.Bxc5 Rc7
44.Bxd4 Rxc2+ 45.Kg3 g5 46.Bxa7 Rc3 47.Be3 Rxb3 48.a5 Ra3 49.Bb6 g6 50.Kf3 Kh5
51.Ke3 Kh4 52.Bb7 Kxh3 53.a6 g4 54.a7 g3 55.a8=Q Rxa8 56.Bxa8 g2 57.Kf2 Kh2
58.Bxg2 g5 59.Bc7+  1-0

[Event "6th Itau Cup"]
[Site "Sao Paulo BRA"]
[Date "2002.10.02"]
[Round "6"]
[White "Braga,C"]
[Black "Chemin,V"]
[Result "1-0"]
[WhiteElo "2415"]
[BlackElo "2316"]

1.Nf3 d5 2.g3 Nf6 3.Bg2 c6 4.O-O Bf5 5.d3 h6 6.c4 e6 7.Be3 Be7 8.Qb3 b6 9.Nc3 O-O
10.Qa4 Nfd7 11.Nd4 Nc5 12.Qd1 Bg6 13.b4 Ncd7 14.cxd5 cxd5 15.Nxd5 exd5 16.Bxd5 Na6
17.Qa4 Rc8 18.Qxa6 Nb8 19.Qb7 Rc7 20.Qa8 Rd7 21.Bf3 Rxd4 22.Bxd4 Qxd4 23.a3 Nd7
24.Qxa7 Bg5 25.e3 Qxd3 26.Rad1 Qf5 27.Bg2 Nb8 28.Qxb6 Qc2 29.Rc1 Qa4 30.Qa5 Qb3
31.Bd5 Qb2 32.Qa4 Rd8 33.Qb3 Qe2 34.Rfe1 Qg4 35.Qc4 Qf5 36.Bg2 Kh7 37.Red1 Re8
38.h4 Bf6 39.g4 Qe5 40.h5 Be4 41.f4 Qe7 42.Bxe4+ Qxe4 43.Qxe4+ Rxe4 44.Rc8 Rxe3
45.Rxb8 Rxa3 46.Kf2 Bh4+ 47.Ke2 Rg3 48.Rd7 Rxg4 49.Rxf7 Bf6 50.Rff8  1-0

[Event "Eu Blitz Ch"]
[Site "Panormo GRE"]
[Date "2002.10.03"]
[Round "11"]
[White "Ruck,R"]
[Black "Miroshnichenko,E"]
[Result "1/2-1/2"]
[WhiteElo "2572"]
[BlackElo "2548"]

1.Nf3 d5 2.g3 Nf6 3.Bg2 c6 4.O-O Bf5 5.b3 Nbd7 6.Bb2 e6 7.d3 Bc5 8.Nbd2 O-O
9.c4 a5 10.a3 Qe7 11.Qc2 Rfe8 12.e4 dxe4 13.dxe4 Bg6 14.Nh4 e5 15.h3 Nf8
16.Nf5 Qc7 17.Bc3 Qb6 18.Qb2 N6d7 19.b4 axb4 20.axb4 Rxa1 21.Rxa1 Bxf2+ 22.Kh2 Bxf5
23.exf5 Bd4 24.Ne4 Bxc3 25.Qxc3 Qd4 26.Qxd4 exd4 27.Nd6 Re2 28.Nxb7 Ne5 29.Nd6 d3
30.Kg1 Rb2 31.b5 cxb5 32.cxb5 h5 33.Rd1 Nfd7 34.Be4 Nc5 35.Bd5 Kf8 36.Nc4 Nxc4
37.Bxc4 Ke7 38.Bxd3 Nxd3 39.Rxd3 Rxb5 40.g4 hxg4 41.hxg4 Rb2 42.g5 Rb5 43.Rf3 g6
44.fxg6 Rxg5+ 45.Kf2 Rxg6 46.Ke3 Re6+ 47.Kd4 Re1 48.Kd3 Ke6 49.Kd2 Re5 50.Kd3 Rf5
51.Rh3 Ra5 52.Rh6+ Ke5 53.Rh4 f5 54.Ke3 Ra3+ 55.Ke2 Rb3 56.Kf2 Rd3 57.Ke2 Rg3
58.Kf2 Rg8 59.Ke3 Rc8 60.Kf3 Rb8 61.Ke3 f4+ 62.Ke2 Rb2+ 63.Kf3 Rb3+ 64.Kf2 Ke4
65.Rh8 Rb2+ 66.Kg1 Ke3 67.Re8+ Kf3 68.Rf8 Rb1+ 69.Kh2 Ke3 70.Re8+ Kf2 71.Ra8 Rb2
72.Kh3 f3 73.Ra3 Ke2 74.Ra1 Rc2 75.Kg3 f2 76.Kg2 Rd2 77.Rb1 Ke3 78.Rb3+ Ke2
79.Rb1 Ke3  1/2-1/2

[Event "3rd Mitropa Cup Junior"]
[Site "Saint Vincent ITA"]
[Date "2002.10.03"]
[Round "7"]
[White "Bellaiche,A"]
[Black "Lain,L"]
[Result "1-0"]
[WhiteElo "2369"]
[BlackElo "2160"]

1.Nf3 d5 2.g3 c5 3.Bg2 Nc6 4.d4 e6 5.O-O Nf6 6.b3 Be7 7.Bb2 O-O 8.Nbd2 b6
9.c4 Bb7 10.dxc5 Bxc5 11.cxd5 Nxd5 12.a3 Rc8 13.Rc1 Be7 14.e4 Nf6 15.Qe2 Na5
16.b4 Rxc1 17.Rxc1 Nc6 18.e5 Nd5 19.Ne4 Qd7 20.h4 Rd8 21.Nh2 Kh8 22.Qh5 g6
23.Qe2 Rf8 24.Ng4 h5 25.Qd2 g5 26.Ngf6 Bxf6 27.exf6  1-0

[Event "4th ZNG111 IM"]
[Site "Opatija CRO"]
[Date "2002.10.04"]
[Round "1"]
[White "Bistric,F"]
[Black "Topalovic,Z"]
[Result "1/2-1/2"]
[WhiteElo "2484"]
[BlackElo "2272"]

1.Nf3 d5 2.g3 c6 3.Bg2 e6 4.O-O f5 5.d4 Nf6 6.c4 Bd6 7.b3 Qe7 8.e3 O-O 9.Nc3 Bd7
10.Ne2 Be8 11.Bb2 Bh5 12.Nf4 Bxf3 13.Bxf3 Nbd7 14.Qc2 g5 15.Nd3 g4 16.Bg2 Ne4  1/2-1/2